• 首页
  • 本馆介绍
  • 公告通知
  • 最新文献
  • 馆藏检索
  • 电子资源
  • 读者导购
  • 参考咨询
  • 我的图书馆
  • 登录
  • 详细信息显示
  • 放入我的书架
  • 预约/预借图书
  • 作者相关作品
  • 分类相关作品
  • 丛书相关作品
  • 出版社相关作品

书目信息

  • 表格格式
  • 工作单格式
  • 卡片格式
题名:
健康心理学
    
 
作者: 布兰农 , 杰斯 , 厄普德格拉夫 著 ;郑晓辰 , 张磊 , 蒋雯 译
分册:  
出版信息: 北京   中国轻工业出版社  2016
页数: 11,472页
开本: 26cm
丛书名:
单 册:
中图分类: R395.1
科图分类:
主题词: 健康心理学--教材
电子资源:
ISBN: 978-7-5184-1121-4
000 01510nam0 2200313 450
001 2085
005 20180522164041.80
010    @a978-7-5184-1121-4@dCNY88.00
100    @a20161213d2016 em y0chiy50 ea
101 1  @achi@ceng
102    @aCN@b110000
105    @aa z 000yy
200 1  @a健康心理学@9jian kang xin li xue@dHealth psychology: an introduction to behavior and health@zeng@f(美)Linda Brannon,(美)Jess Feist,(美)John A.Updegraff著@g郑晓辰,张磊,蒋雯译
210    @a北京@c中国轻工业出版社@d2016
215    @a11,472页@c图@d26cm
305    @a本书中文简体字翻译版由圣智学习出版公司授权中国轻工业出版社独家出版发行
305    @a据原书第八版译出
330    @a本书分为五部分,第一部分由前四章组成,讨论了寻求医疗帮助以及遵循医嘱等全局性的问题;第二部分讨论了压力和疼痛,以及如何通过传统医疗和替代性医疗方法来管理这些问题;第三部分对心脏疾病、癌症以及其他慢性疾病进行讨论;第四部分包括烟草使用、饮酒、饮食与体重以及体育锻炼这几个章节;第五部分展望了健康心理学在不久的将来遇到的挑战。
510 1  @aHealth psycholog: an introduction to behavior and health@zeng
606 0  @a健康心理学@j教材
690    @aR395.1@v5
701  0 @c(美)@a布兰农@9bu lan nong@c(Brannon, Linda)@4著
701  0 @c(美)@a杰斯@9jie si@c(Feist, Jess)@4著
701  0 @c(美)@a厄普德格拉夫@9e pu de ge la fu@c(Updegraff, John A. )@4著
702  0 @a郑晓辰@9zheng xiao chen@4译
702  0 @a张磊@9zhang lei@4译
702  0 @a蒋雯@9jiang wen@4译
801  0 @aCN@b91MARC@c20161213
905    @aMuseLib@dR395.1@e271
    
    健康心理学=Health psychology: an introduction to behavior and health/(美)Linda Brannon,(美)Jess Feist,(美)John A.Updegraff著/郑晓辰,张磊,蒋雯译.-北京:中国轻工业出版社,2016
    11,472页:图;26cm
    
    
    ISBN 978-7-5184-1121-4:CNY88.00
    本书分为五部分,第一部分由前四章组成,讨论了寻求医疗帮助以及遵循医嘱等全局性的问题;第二部分讨论了压力和疼痛,以及如何通过传统医疗和替代性医疗方法来管理这些问题;第三部分对心脏疾病、癌症以及其他慢性疾病进行讨论;第四部分包括烟草使用、饮酒、饮食与体重以及体育锻炼这几个章节;第五部分展望了健康心理学在不久的将来遇到的挑战。
●
相关链接 在E读中查询图书 在五车中查询图书 在当当中查询图书 在豆瓣中查询图书


正题名:健康心理学     索取号:R395.1/271         预约/预借

序号 登录号 条形码 馆藏地/架位号 状态 备注
1 1005096   210050969   第二样本阅览室/ [索取号:R395.1/271] 在馆    
2 1005097   210050978   教育系资料室/ [索取号:R395.1/271] 在馆    
3 1005098   210050987   教育系资料室/ [索取号:R395.1/271] 在馆    
4 1005099   210050996   教育系资料室/ [索取号:R395.1/271] 在馆    
5 1005100   210051003   第三借阅区/ [索取号:R395.1/271] 在馆    
6 1005101   210051012   第三借阅区/ [索取号:R395.1/271] 在馆    
7 1107889   211078894   第三借阅区/ [索取号:R395.1/271] 在馆    
8 1107890   211078901   教育系资料室/ [索取号:R395.1/271] 在馆    
9 1107891   211078910   教育系资料室/ [索取号:R395.1/271] 在馆    
10 1107892   211078929   第三借阅区/ [索取号:R395.1/271] 在馆    
唐山师范学院图书馆 欢迎您!
大连网信软件有限公司© 版权所有